Địa danh Yên Bái sơ khảo

Sparad:
Bibliografiska uppgifter
Huvudupphovsman: Sử Văn Ngọc
Övriga upphovsmän: Sử Thị Gia Trang Sử Văn Ngọc
Materialtyp: Bok
Språk:Vietnamese
Publicerad: H. Thanh Niên 2011
Serie:ĐTTS ghi: Hội văn nghệ dân gian Việt Nam
Taggar: Lägg till en tagg
Inga taggar, Lägg till första taggen!
Thư viện lưu trữ: Mạng thư viện Đại học Đà Nẵng
LEADER 01003nam a2200289 4500
001 000015965
003 12353
005 20120607080603.0
008 120607s2011 viesd
041 0 |a vie 
082 |a 930.89597  |b SƯ-N 
100 0 |a Sử Văn Ngọc 
245 0 |a Địa danh Yên Bái sơ khảo  |c Sử Văn Ngọc, Sử Thị Gia Trang 
260 |a H.  |b Thanh Niên  |c 2011 
300 |a 280 tr.  |c 21 cm. 
490 |a ĐTTS ghi: Hội văn nghệ dân gian Việt Nam 
700 |a Sử Thị Gia Trang  |a Sử Văn Ngọc, 
OWN |a LSP 
AVA |a UDN50  |b LSP  |d 930.89597 SƯ-N  |e available  |t Error 5001 Not defined in file expand_doc_bib_avail.  |f 1  |g 0  |h N  |i 0  |k 1 
999 |a From the UDN01 
AVA |a UDN50  |b LSP  |d 930.89597 SƯ-N  |e available  |t Error 5001 Not defined in file expand_doc_bib_avail.  |f 1  |g 0  |h N  |i 0  |k 1 
TYP |a Monograph 
TYP |a Printed language 
980 |a Mạng thư viện Đại học Đà Nẵng